Bangi Golf Resort

Bibliographic Details
Corporate Author: Institut Penilaian Negara
Format: Book
Language:Malay
Published: Kajang : Institut Penilaian Negara , 2014
Subjects:

MARC

LEADER 00000cam a2200000 7i4500
001 0000025694
005 20141201.0
008 141113 my e may
040 |a INS 
090 0 0 |a VCD2242 
245 0 0 |a Bangi Golf Resort   |f 16 August 2014 [  |h cakera video] 
260 |a Kajang :   |b Institut Penilaian Negara ,   |c 2014 
300 |a 1 cakera video (13.54 min) :   |b bny.; wrn.. ;   |c 4 3/4 in. 
650 0 |a Golf clubs (sporting goods) 
710 1 |a Institut Penilaian Negara 
999 |a 0000001784   |b VIDEO CD   |c Media Collection   |e Default branch 
999 |a VCD0002242   |b VIDEO CD   |c Media Collection   |e Default branch